000 01700nam a22003977a 4500
003 CHAP
005 20220329143732.0
008 110503s2011 mx r 00010 spa d
010 _a101116
011 _a102088
035 _a112776
040 _cCHAP
090 _aTesis
100 1 _aCruz Galindo, Aide
_929378
245 1 0 _aControl biológico de Ralstonia solanacearum Smith. raza 1 por el antágonismo de las cepas bacterianas :
_b3, 8 y 21 en tomate (Solanum lycopersicon Mill.) de invernadero, Chapingo, México
_h[En línea]
_c/por Aide Cruz Galindo
260 _aChapingo, Méx. :
_bEl autor,
_c2011
500 _aPara ver el contenido del material haga clic en la liga
502 _aTesis (Ing. Agr. Esp. en Parasitología Agrícola) -- UACH. Departamento de Parasitología Agrícola
590 _aALEPH
_b10
_c20130110
_lUCH01
_h1540
590 _aBATCH-UPD
_b10
_c20130110
_lUCH01
_h1352
590 _aBATCH-UPD
_b10
_c20130410
_lUCH01
_h0848
590 _aBATCH-UPD
_b10
_c20130914
_lUCH01
_h0352
590 _aBATCH-UPD
_b10
_c20140324
_lUCH01
_h1525
590 _aBATCH-UPD
_b10
_c20141002
_lUCH01
_h0849
590 _aCONVERSION
_b10
_c20130109
_lUCH01
_h1356
650 1 4 _aAntagonismo (Microorganismos)
_96023
650 1 4 _aBacterium solanacearum.
_99343
650 1 4 _aControl biológico de hongos.
_927580
650 1 4 _aTomate
_xCultivos en invernadero.
_9113704
650 1 4 _aTomate
_zMéxico (Edo.).
_9113786
856 _3Finding aid
_uhttp://10.13.5.2/tesis/112776.pdf
_zTeclea aqui
901 _aBK
942 _cFOLL
949 _aTesis
_bBC
_cTES
_d33724002256710
_eTS2
_fc.2
_gDonaciØn
_h52206
_i112776
_st
949 _aTesis
_bBC
_cTES
_d33724002256751
_eTS1
_gDonaciØn
_h52205
_i112776
_st
999 _c101116
_d101116